000 00316nam a22001337a 4500
008 170627b xxu||||| |||| 00| 0 eng d
020 _a9780787649722
041 _aeng
080 _a821
100 _a21
101 _aGJL
245 _aBEACHAM'S GUIDE TO LITERATURE FOR YOUNG ADULTS
_cBEETZ, K.H
942 _2udc
_cBK
999 _c19289
_d19289